00394nam a2200145Ia 4500003000400000005001700004008004100021040002900062050002700091100002500118245003600143260004700179300001000226650001200236OSt20240715151517.0221021s9999||||xx |||||||||||||| ||und|| cChuka University Library aPR 9381.9 b.M3C6 1979 aMacpherson, Margaret 4aThe cooking pan and other plays aNairobibHeinemann educational booksc1979 a119p. aFiction